000 04906cgm a2200925Ia 4500
001 ocn827611665
003 OCoLC
005 20241220134144.0
008 130213p20132012cau158 vleng d
007 vd cvaizk
040 _aTEFMT
_cTEFMT
_dTEF
_dTEFMT
_dTEF
_dUAG
_dKLP
_dJP3
_dJCD
_dUPZ
_dINU
_dOKN
_dAPL
_dWCM
_dGWV
_dGK8
_dUINTA
024 1 _a025192150548
028 4 2 _a61123149
_bUniversal Studios Home Entertainment
028 4 2 _a61126785
_bUniversal Studios Home Entertainment
035 _a(OCoLC)827611665
037 _bMidwest Tape
_nhttp://www.midwesttapes.com
041 1 _aeng
_jeng
_jfre
_jspa
_heng
043 _ae-fr---
046 _k2013
050 4 _aPN1997.2
_b.L47 2013
082 0 4 _a791.43/72
_223
049 _aUCLB
092 _a791.437
130 0 _aMisérables (Motion picture : 2012)
_96249921
245 1 4 _aLes misérables
_h[videorecording] /
_cUniversal Pictures presents ; in association with Relativity Media ; a Working Title film/Cameron Mackintosh production ; directed by Tom Hooper ; produced by Tim Bevan, Eric Fellner, Debra Hayward ; produced by Cameron Mackintosh ; screenplay by William Nicholson, Alain Boublil and Claude-Michel Schönberg, Herbert Kretzmer.
257 _aUnited States
_2naf
264 1 _aUniversal City, CA :
_bUniversal Studios Home Entertainment :
_bEntertainment One,
_c[2013]
300 _a1 videodisc (158 min.) :
_bsound, color ;
_c4 3/4 in.
336 _atwo-dimensional moving image
337 _avideo
338 _avideodisc
538 _aDVD ; NTSC, region 1 ; widescreen 1.85:1 presentation; Dolby Digital 5.1 surround, Dolby Digital DVS 2.0 stereo.
546 _aEnglish dialogue with optional French or Spanish subtitles; English subtitled for the deaf and hard of hearing.
511 1 _aRussell Crowe, Hugh Jackman, Anne Hathaway, Amanda Seyfried, Helena Bonham Carter, Sacha Baron Cohen.
508 _aMusic, Claude-Michel Schönberg ; lyrics, Herbert Kretzmer ; director of photography, Danny Cohen ; editors, Melanie Ann Oliver and Chris Dickens ; music supervisor, Becky Bentham.
500 _aOriginally released as a motion picture in 2012.
500 _aBased on the original stage musical Boublil and Schönberg's Les Misérables, from the novel by Victor Hugo, produced for the stage by Cameron Mackintosh.
521 8 _aRating: PG-13.
520 _aSuggestive and sexual material, violence and thematic elements.
520 _aIn early 19th century France the paroled prisoner Jean Valjean seeks redemption, regains his social standing, and rises to the rank of mayor. He encounters a beautiful but desperately ill woman named Fantine and cares for her daughter, Cosette, after her death. All the while he is obsessively pursued by the policeman Javert, who vows to make him pay for the crimes of his past.
500 _aSpecial features: The stars of Les Miserables ; creating the perfect Paris ; The original masterwork: Victor Hugo's Les Miserables ; feature commentary with director, Tom Hooper.
650 0 _aEx-convicts
_vFiction.
_95673815
650 0 _aOrphans
_vFiction.
_95673861
651 0 _aParis (France)
_y19th century
_vFiction.
_96516396
651 7 _aParís (Francia)
_xVida social y costumbres
_ySiglo XIX
_vTeatro.
_2bidex
_96516397
651 7 _aFrancia
_xVida social y costumbres
_ySiglo XIX
_vTeatro.
_2bidex
_96516398
655 7 _aFeature films.
_2lcgft
_96249925
655 7 _aMusical films.
_2lcgft
_96249926
655 7 _aRomance films.
_2lcgft
_95675183
655 7 _aHistorical films.
_2lcgft
_96249927
655 7 _aFilm adaptations.
_2lcgft
_96249928
655 7 _aVideo recordings for the hearing impaired.
_2lcgft
_96249929
655 7 _aFeature films.
_2gsafd
_96249925
655 7 _aMusical films.
_2gsafd
_96249926
700 1 _aHooper, Tom,
_d1972-
_96221403
700 1 _aBevan, Tim.
_964395
700 1 _aFellner, Eric.
_958404
700 1 _aHayward, Debra.
_96249930
700 1 _aMackintosh, Cameron.
_928738
700 1 _aNicholson, William.
_4aus
_98844
700 1 _aBoublil, Alain.
_4aus
_952802
700 1 _aSchönberg, Claude-Michel.
_4aus
_4cmp
_928388
700 1 _aKretzmer, Herbert.
_4aus
_4lyr
_928389
700 1 _aCrowe, Russell,
_d1964-
_963533
700 1 _aJackman, Hugh.
_949889
700 1 _aHathaway, Anne,
_d1982-
_949221
700 1 _aSeyfried, Amanda.
_971235
700 1 _aBonham Carter, Helena,
_d1966-
_939418
700 1 _aBaron Cohen, Sacha,
_d1971-
_968555
700 1 _aCohen, Danny.
_96186963
700 1 _aHugo, Victor,
_d1802-1885.
_tMisérables.
_96249931
710 2 _aUniversal Pictures (Firm)
_919584
710 2 _aRelativity Media.
_973590
710 2 _aWorking Title Films.
_963530
710 2 _aUniversal Studios Home Entertainment (Firm)
_972642
710 2 _aEntertainment One (Firm)
_95800657
942 _cDVD
_0502
994 _aC0
_bUINTA
998 _aa159226
999 _c90870
_d90870